[Event "IECC CL2-2006.10 email"]
[Site "IECC email"]
[Date "2006.10.03"]
[Round "?"]
[White "Dvoinikov, Andrey Nikolaevich"]
[Black "Rossi, Giovanni"]
[Result "1-0"]
[WhiteElo "2040"]
[BlackElo "2026"]
[PlyCount "41"]
[EventDate "2006.??.??"]
[EventType "tourn (corr)"]
[EventRounds "4"]
[SourceTitle "Corr 2015"]
[Source "ChessBase"]
[SourceDate "2015.07.17"]
[SourceVersion "1"]
[SourceVersionDate "2015.07.17"]
[SourceQuality "1"]
[WhiteTeam "Russia"]
[BlackTeam "France"]
[WhiteTeamCountry "RUS"]
[BlackTeamCountry "FRA"]

1. e4 d5 2. exd5 Nf6 3. d4 Nxd5 4. Nf3 Bg4 5. Be2 e6 6. h3 Bf5 7. 0-0 Bd6 8. c4 Nf4 9. c5 Nxe2+ 10. Qxe2 Be7 11. Qb5+ Nc6 12. Qxb7 Be4 13. Ne5 Qb8 14. Qxb8+ Rxb8 15. Nc3 Nxe5 16. Nxe4 Nc6 17. Bf4 Rxb2 18. Bxc7 f5 19. Nc3 Rb7 20. Bd6 Bxd6 21. cxd6 1-0

[Event "IECC CL2-2006.10 email"]
[Site "IECC email"]
[Date "2006.10.03"]
[Round "?"]
[White "Rossi, Giovanni"]
[Black "Cade, Stephen"]
[Result "0-1"]
[WhiteElo "2011"]
[BlackElo "2092"]
[PlyCount "40"]
[EventDate "2006.??.??"]
[EventType "tourn (corr)"]
[EventRounds "4"]
[SourceTitle "Corr 2015"]
[Source "ChessBase"]
[SourceDate "2015.07.17"]
[SourceVersion "1"]
[SourceVersionDate "2015.07.17"]
[SourceQuality "1"]
[WhiteTeam "France"]
[BlackTeam "England"]
[WhiteTeamCountry "FRA"]
[BlackTeamCountry "ENG"]

1. d4 e6 2. c4 f5 3. Nc3 Nf6 4. Nf3 Bb4 5. Bg5 h6 6. Bxf6 Bxc3+ 7. bxc3 Qxf6 8. e3 d6 9. Bd3 e5 10. e4 0-0 11. dxe5 dxe5 12. exf5 e4 13. Bxe4 Qxc3+ 14. Kf1 Qxc4+ 15. Bd3 Qf7 16. g4 Nc6 17. Rc1 Kh8 18. Qe2 Re8 19. Be4 Qe7 20. Re1 Bd7 0-1

[Event "IECC CL2-2006.10 email"]
[Site "IECC email"]
[Date "2006.10.03"]
[Round "?"]
[White "Rossi, Giovanni"]
[Black "Dayants, Vladimir"]
[Result "0-1"]
[WhiteElo "1974"]
[BlackElo "2088"]
[PlyCount "30"]
[EventDate "2006.??.??"]
[EventType "tourn (corr)"]
[EventRounds "4"]
[SourceTitle "Corr 2015"]
[Source "ChessBase"]
[SourceDate "2015.07.17"]
[SourceVersion "1"]
[SourceVersionDate "2015.07.17"]
[SourceQuality "1"]
[WhiteTeam "France"]
[BlackTeam "Armenia"]
[WhiteTeamCountry "FRA"]
[BlackTeamCountry "ARM"]

1. d4 Nf6 2. Nf3 g6 3. c4 Bg7 4. Nc3 0-0 5. e4 d6 6. Be2 Nbd7 7. 0-0 c5 8. e5 dxe5 9. dxe5 Ng4 10. e6 Nde5 11. exf7+ Nxf7 12. Qb3 Nd6 13. h3 Nf6 14. Re1 b6 15. Bd3 Bb7 0-1

[Event "IECG CP.2006.P.00015 email"]
[Site "IECG email"]
[Date "2006.10.01"]
[Round "?"]
[White "Rodrigues, Luis"]
[Black "Rossi, Giovanni"]
[Result "1-0"]
[WhiteElo "1821"]
[BlackElo "2024"]
[PlyCount "25"]
[EventDate "2006.10.01"]
[EventType "tourn (corr)"]
[EventRounds "6"]
[SourceTitle "Corr 2024"]
[Source "ChessBase"]
[SourceDate "2023.10.19"]
[SourceVersion "1"]
[SourceVersionDate "2023.10.19"]
[SourceQuality "1"]

1. d4 Nf6 2. c4 c5 3. d5 b5 4. cxb5 a6 5. bxa6 Bxa6 6. Nc3 g6 7. e4 Bxf1 8. Kxf1 d6 9. g3 Bg7 10. Kg2 0-0 11. Nf3 Nbd7 12. h3 Qa5 13. Qc2 1-0

[Event "IECG CP.2006.P.00015 email"]
[Site "IECG email"]
[Date "2006.10.01"]
[Round "?"]
[White "Rossi, Giovanni"]
[Black "Burkett, Max"]
[Result "0-1"]
[WhiteElo "2024"]
[BlackElo "2146"]
[PlyCount "32"]
[EventDate "2006.10.01"]
[EventType "tourn (corr)"]
[EventRounds "6"]
[SourceTitle "Corr 2011"]
[Source "ChessBase"]
[SourceDate "2010.08.31"]
[SourceVersion "1"]
[SourceVersionDate "2010.08.31"]
[SourceQuality "1"]

1. d4 Nf6 2. Nc3 d5 3. Nf3 e6 4. Bg5 Be7 5. e3 b6 6. Bd3 Ba6 7. 0-0 0-0 8. h3 h6 9. Bf4 Bxd3 10. cxd3 Nbd7 11. Rc1 Qc8 12. Nb5 c5 13. Nc7 Rb8 14. b4 Qb7 15. Nb5 Rbd8 16. Qa4 a6 0-1

[Event "IECG CP.2006.P.00015 email"]
[Site "IECG email"]
[Date "2006.10.01"]
[Round "?"]
[White "Rossi, Giovanni"]
[Black "Micu, Sorin"]
[Result "0-1"]
[WhiteElo "2024"]
[BlackElo "1153"]
[PlyCount "32"]
[EventDate "2006.10.01"]
[EventType "tourn (corr)"]
[EventRounds "6"]
[SourceTitle "Corr 2011"]
[Source "ChessBase"]
[SourceDate "2010.08.31"]
[SourceVersion "1"]
[SourceVersionDate "2010.08.31"]
[SourceQuality "1"]

1. d4 Nf6 2. Bf4 e6 3. Nf3 b6 4. Nbd2 Bb7 5. e3 Be7 6. h3 0-0 7. Bd3 c5 8. c3 Nc6 9. 0-0 d5 10. Re1 c4 11. Bc2 b5 12. e4 dxe4 13. Nxe4 Nxe4 14. Bxe4 g6 15. b3 cxb3 16. axb3 Na5 0-1

[Event "Paris Apsap op 74th"]
[Site "Paris"]
[Date "2004.08.10"]
[Round "2"]
[White "Defrance, Laurent"]
[Black "Rossi, Giovanni"]
[Result "1-0"]
[WhiteElo "2157"]
[BlackElo "1965"]
[PlyCount "101"]
[EventDate "2004.08.??"]
[EventType "swiss"]
[EventRounds "9"]
[EventCountry "FRA"]
[SourceTitle "EXT 2005"]
[Source "ChessBase"]
[SourceDate "2004.11.15"]
[SourceVersion "1"]
[SourceVersionDate "2004.11.15"]
[SourceQuality "1"]

1. Nc3 d5 2. Nf3 Nf6 3. d3 d4 4. Ne4 Nxe4 5. dxe4 c5 6. e3 Nc6 7. Bc4 e5 8. exd4 exd4 9. c3 Be7 10. cxd4 Nxd4 11. Nxd4 Qxd4 12. Qxd4 cxd4 13. Bf4 0-0 14. Ke2 Bc5 15. Rac1 Bb6 16. Kd3 Be6 17. Rc2 Rac8 18. Rhc1 Bxc4+ 19. Rxc4 Rxc4 20. Rxc4 f5 21. e5 Kf7 22. Bd2 Ke6 23. f4 g5 24. g3 gxf4 25. gxf4 Rg8 26. a4 a5 27. b4 axb4 28. Rxb4 Ba5 29. Rxb7 Bxd2 30. Kxd2 Rg2+ 31. Kd3 Rxh2 32. Kxd4 Rh4 33. Rb6+ Ke7 34. Ke3 Rh3+ 35. Kf2 Ra3 36. Rf6 Rxa4 37. Kg3 Ra3+ 38. Kh4 Ra1 39. Kg5 Rg1+ 40. Kxf5 Rg7 41. Ra6 Rf7+ 42. Ke4 Kf8 43. f5 Rb7 44. f6 Rb1 45. Kf5 Rb8 46. Ra7 Kg8 47. Rg7+ Kh8 48. Rg4 Rb1 49. f7 Rb8 50. Kf6 h6 51. e6 1-0

[Event "IECG CP.2002.P.00025 email"]
[Site "IECG email"]
[Date "2002.10.01"]
[Round "?"]
[White "Chabot, Cedric"]
[Black "Rossi, Giovanni"]
[Result "1/2-1/2"]
[WhiteElo "2014"]
[BlackElo "1960"]
[PlyCount "49"]
[EventDate "2002.10.01"]
[EventType "tourn (corr)"]
[EventRounds "6"]
[EventCountry "USA"]
[SourceTitle "Corr 2008"]
[Source "ChessBase"]
[SourceDate "2008.06.24"]
[SourceVersion "1"]
[SourceVersionDate "2008.06.24"]
[SourceQuality "1"]

1. d4 Nf6 2. c4 e6 3. Nc3 Bb4 4. f3 d5 5. a3 Bxc3+ 6. bxc3 c5 7. cxd5 Nxd5 8. dxc5 Qa5 9. e4 Ne7 10. Be3 0-0 11. Qb3 Qc7 12. Ne2 Ng6 13. Rd1 e5 14. Ng3 Nc6 15. Qb2 Rd8 16. Rxd8+ Nxd8 17. Bc4 Be6 18. Qb5 Rc8 19. Bd5 Bd7 20. Qb2 Nf4 21. 0-0 Nd3 22. Qa2 Nxc5 23. f4 Nce6 24. fxe5 Qxc3 25. Nf5 1/2-1/2

[Event "IECG CP.2002.P.00025 email"]
[Site "IECG email"]
[Date "2002.10.01"]
[Round "?"]
[White "Rossi, Giovanni"]
[Black "Svartbo, Martin"]
[Result "0-1"]
[WhiteElo "1960"]
[BlackElo "1560"]
[PlyCount "37"]
[EventDate "2002.10.01"]
[EventType "tourn (corr)"]
[EventRounds "6"]
[EventCountry "USA"]
[SourceTitle "Corr 2008"]
[Source "ChessBase"]
[SourceDate "2008.06.24"]
[SourceVersion "1"]
[SourceVersionDate "2008.06.24"]
[SourceQuality "1"]

1. e4 c5 2. Nf3 Nc6 3. d4 cxd4 4. Nxd4 Nf6 5. Nc3 e5 6. Ndb5 d6 7. Bg5 a6 8. Na3 b5 9. Nd5 Be7 10. Bxf6 Bxf6 11. c3 0-0 12. Nc2 Bg5 13. a4 bxa4 14. Rxa4 a5 15. Bc4 Rb8 16. b3 Kh8 17. 0-0 g6 18. Qd3 Be6 19. Rfa1 0-1

[Event "IECC KO email"]
[Site "IECC email"]
[Date "2002.07.14"]
[Round "?"]
[White "Allen, Ralph C"]
[Black "Rossi, Giovanni"]
[Result "0-1"]
[WhiteElo "1523"]
[BlackElo "2145"]
[PlyCount "54"]
[EventDate "2002.??.??"]
[EventType "tourn (corr)"]
[EventRounds "6"]
[SourceTitle "Corr 2008"]
[Source "ChessBase"]
[SourceDate "2008.06.24"]
[SourceVersion "1"]
[SourceVersionDate "2008.06.24"]
[SourceQuality "1"]

1. d4 Nf6 2. Nc3 d5 3. e4 dxe4 4. f3 exf3 5. Nxf3 e6 6. Bg5 Be7 7. Bd3 c5 8. dxc5 Qa5 9. 0-0 Qxc5+ 10. Kh1 Nbd7 11. Qe2 a6 12. Rae1 Qb6 13. Bc1 Nc5 14. Bc4 0-0 15. Ng5 Qc6 16. Rf3 b5 17. Ref1 bxc4 18. Rxf6 Bxf6 19. Rxf6 h6 20. Rxh6 gxh6 21. Qg4 f5 22. Qg3 hxg5 23. Qxg5+ Kf7 24. Qh5+ Ke7 25. Bg5+ Kd6 26. Qh7 Qd7 27. Qh6 Bb7 0-1

[Event "IECG CB.2002.0.00044 email"]
[Site "IECG email"]
[Date "2002.06.04"]
[Round "?"]
[White "Amann, Klaus"]
[Black "Rossi, Giovanni"]
[Result "1-0"]
[WhiteElo "1800"]
[BlackElo "1960"]
[PlyCount "121"]
[EventDate "2002.06.04"]
[EventType "tourn (corr)"]
[EventRounds "6"]
[SourceTitle "Corr 2024"]
[Source "ChessBase"]
[SourceDate "2023.10.19"]
[SourceVersion "1"]
[SourceVersionDate "2023.10.19"]
[SourceQuality "1"]

1. e4 e5 2. Nc3 Nf6 3. Bc4 Bb4 4. Nf3 d6 5. 0-0 Bxc3 6. bxc3 Nxe4 7. d4 d5 8. Bb3 Be6 9. Nxe5 0-0 10. Qf3 Nd7 11. Nxd7 Qxd7 12. c4 c6 13. cxd5 cxd5 14. Re1 Rfe8 15. Qf4 Qc6 16. Bb2 Bd7 17. Re3 Nd6 18. Rae1 Rxe3 19. Rxe3 Be6 20. Rg3 Re8 21. h3 Ne4 22. Re3 Nf6 23. a4 h6 24. Rc3 Qa6 25. Re3 b5 26. axb5 Qxb5 27. Re1 a5 28. Ra1 Ra8 29. Ra3 Bd7 30. Bc3 a4 31. Qc1 Qe2 32. Bd2 Ra6 33. Ba2 Re6 34. Re3 Rxe3 35. Bxe3 Bf5 36. Bb1 Bg6 37. f3 Nd7 38. Bf4 Qc4 39. Qb2 a3 40. Qxa3 Qxd4+ 41. Qe3 Qd1+ 42. Kh2 Qxb1 43. Qe8+ Nf8 44. Bd6 Qxc2 45. Bxf8 Bd3 46. Bc5+ Kh7 47. Qe3 Bf1 48. Qf2 Qc4 49. Bd4 Qd3 50. Bb2 f6 51. Bd4 Be2 52. Bc5 Qc4 53. Bd4 Qc7+ 54. Kg1 Qc1+ 55. Kh2 Qf4+ 56. Kg1 Bc4 57. Be3 Qc7 58. Bb6 Qb8 59. Qc2+ Kg8 60. Qf2 Kf7 61. Ba7 1-0

[Event "IECC CL2-2002.04"]
[Site "IECC email"]
[Date "2002.02.07"]
[Round "?"]
[White "Adams, Mark"]
[Black "Rossi, Giovanni"]
[Result "0-1"]
[WhiteElo "2149"]
[BlackElo "2094"]
[PlyCount "60"]
[EventDate "2002.??.??"]
[EventType "tourn (corr)"]
[EventRounds "4"]
[SourceTitle "Corr 2008"]
[Source "ChessBase"]
[SourceDate "2008.06.24"]
[SourceVersion "1"]
[SourceVersionDate "2008.06.24"]
[SourceQuality "1"]

1. e4 e5 2. Nf3 Nc6 3. Nc3 Nf6 4. a3 d5 5. Bb5 d4 6. Ne2 Bd6 7. d3 Bg4 8. Ng3 0-0 9. c3 Na5 10. Ba4 c5 11. 0-0 Rb8 12. h3 Be6 13. Ng5 Bc8 14. f4 exf4 15. Bxf4 h6 16. Bxd6 Qxd6 17. Qe1 dxc3 18. bxc3 Qxd3 19. Rf3 Qd8 20. e5 Nd5 21. Qe4 hxg5 22. Bc2 g6 23. Nh5 Be6 24. Raf1 Kh8 25. Nf6 c4 26. h4 g4 27. Nxg4 Qb6+ 28. R1f2 Nb3 29. Rg3 Rbd8 30. Nf6 Nd2 0-1

[Event "IECC CL2-2002.03"]
[Site "IECC email"]
[Date "2002.01.27"]
[Round "?"]
[White "Rossi, Giovanni"]
[Black "Cijs, Peter JG"]
[Result "1-0"]
[WhiteElo "2111"]
[BlackElo "2106"]
[PlyCount "113"]
[EventDate "2002.??.??"]
[EventType "tourn (corr)"]
[EventRounds "4"]
[SourceTitle "Corr 2008"]
[Source "ChessBase"]
[SourceDate "2008.06.24"]
[SourceVersion "1"]
[SourceVersionDate "2008.06.24"]
[SourceQuality "1"]

1. e4 c5 2. c3 Nf6 3. e5 Nd5 4. d4 cxd4 5. Nf3 Nc6 6. cxd4 d6 7. Bc4 Nb6 8. Bb5 Bd7 9. Nc3 dxe5 10. dxe5 g6 11. Qe2 Bg7 12. 0-0 0-0 13. Rd1 Qc7 14. Be3 Be6 15. Bxb6 axb6 16. Ng5 Bxe5 17. Nxe6 fxe6 18. g3 Nd4 19. Qe4 Qc5 20. Bd7 Rad8 21. Qxb7 Kh8 22. Kg2 Nc2 23. Ne4 Qc4 24. Bxe6 Qxe6 25. Rxd8 Rxd8 26. Rc1 Rd7 27. Qa8+ Kg7 28. Rxc2 h6 29. Nc3 Qf5 30. Qe4 e6 31. Re2 Bxc3 32. bxc3 Kf7 33. a4 Qd5 34. Qxd5 exd5 35. Rd2 Ke6 36. Rb2 Rd6 37. Kf3 Rc6 38. Ke2 Kd6 39. f4 g5 40. Kd3 gxf4 41. gxf4 Ke6 42. Rb4 Kf5 43. Kd4 Rd6 44. Rb5 Kxf4 45. a5 bxa5 46. Rxa5 Kg4 47. Rxd5 Ra6 48. c4 Ra4 49. Re5 Ra2 50. h3+ Kxh3 51. Rh5+ Kg4 52. Rxh6 Kg5 53. Rd6 Kf5 54. Kd5 Rd2+ 55. Kc6 Rc2 56. c5 Ke4 57. Kb6 1-0

[Event "IECC KO email"]
[Site "IECC email"]
[Date "2002.01.05"]
[Round "?"]
[White "Rossi, Giovanni"]
[Black "Lagas, Peter"]
[Result "1/2-1/2"]
[WhiteElo "2121"]
[BlackElo "1709"]
[PlyCount "133"]
[EventDate "2002.??.??"]
[EventType "tourn (corr)"]
[EventRounds "6"]
[SourceTitle "Corr 2008"]
[Source "ChessBase"]
[SourceDate "2008.06.24"]
[SourceVersion "1"]
[SourceVersionDate "2008.06.24"]
[SourceQuality "1"]

1. e4 c5 2. c3 Nf6 3. e5 Nd5 4. d4 cxd4 5. Nf3 Nc6 6. cxd4 d6 7. Bc4 Nb6 8. Bb5 dxe5 9. Nxe5 Bd7 10. Bxc6 Bxc6 11. Nxc6 bxc6 12. 0-0 g6 13. Re1 Bg7 14. Bg5 0-0 15. Bxe7 Qxd4 16. Qxd4 Bxd4 17. Nd2 Rfe8 18. Ba3 Bg7 19. Rad1 f5 20. Rxe8+ Rxe8 21. Kf1 Rd8 22. Ke1 Kf7 23. Ke2 Nd5 24. g3 Nc7 25. Nc4 Rxd1 26. Kxd1 Ke6 27. b3 Nd5 28. Kd2 Bf6 29. Kd3 Nc3 30. Na5 Nb5 31. Bf8 Kd5 32. Nc4 Bd4 33. f3 Nc3 34. a3 Nb5 35. a4 Nc3 36. Ne3+ Bxe3 37. Kxe3 c5 38. Kd2 Na2 39. Be7 Nb4 40. Bf6 Nc6 41. Kd3 Nb4+ 42. Kd2 Nc6 43. Kd3 Nb4+ 44. Kc3 Nc6 45. f4 Nd4 46. b4 cxb4+ 47. Kxb4 Nf3 48. Kb5 Nxh2 49. Bc3 Nf1 50. Be1 Ne3 51. Bf2 Nd1 52. Be1 Nb2 53. a5 Nd3 54. Bd2 Nc5 55. Be3 a6+ 56. Kb6 Ne4 57. Kxa6 Kc6 58. Bd4 Nxg3 59. Ka7 Ne4 60. a6 Nd6 61. Kb8 Nb5 62. Be3 h6 63. Kc8 g5 64. fxg5 hxg5 65. Bxg5 Kb6 66. Kd7 Kxa6 67. Ke6 1/2-1/2

[Event "IECC CL2-2001.46"]
[Site "IECC email"]
[Date "2001.12.25"]
[Round "?"]
[White "Newton, Hobart E"]
[Black "Rossi, Giovanni"]
[Result "0-1"]
[WhiteElo "2006"]
[BlackElo "2020"]
[PlyCount "60"]
[EventDate "2001.??.??"]
[EventType "tourn (corr)"]
[EventRounds "4"]
[SourceTitle "Corr 2008"]
[Source "ChessBase"]
[SourceDate "2008.06.24"]
[SourceVersion "1"]
[SourceVersionDate "2008.06.24"]
[SourceQuality "1"]

1. e4 e5 2. Nf3 Nc6 3. Bb5 a6 4. Ba4 Nf6 5. 0-0 Be7 6. Re1 b5 7. Bb3 0-0 8. c3 d5 9. exd5 Nxd5 10. Nxe5 Nxe5 11. Rxe5 c6 12. d4 Bd6 13. Re1 Qh4 14. g3 Qh3 15. Be3 Bg4 16. Qd3 Rae8 17. Nd2 Re6 18. a4 f5 19. Qf1 Qh5 20. f4 bxa4 21. Rxa4 Rfe8 22. Rxa6 Rxe3 23. Rxe3 Rxe3 24. Rxc6 Qe8 25. Bxd5+ Kf8 26. Ne4 fxe4 27. Rxd6 Rd3 28. Ra6 Qb5 29. Ra8+ Ke7 30. Bxe4 Rd1 0-1

[Event "IECC CL2-2001.46"]
[Site "IECC email"]
[Date "2001.12.25"]
[Round "?"]
[White "Rossi, Giovanni"]
[Black "Brousek, Jiri"]
[Result "1/2-1/2"]
[WhiteElo "2012"]
[BlackElo "2214"]
[PlyCount "78"]
[EventDate "2001.??.??"]
[EventType "tourn (corr)"]
[EventRounds "4"]
[SourceTitle "Corr 2008"]
[Source "ChessBase"]
[SourceDate "2008.06.24"]
[SourceVersion "1"]
[SourceVersionDate "2008.06.24"]
[SourceQuality "1"]

1. e4 e6 2. d4 d5 3. Nd2 Nc6 4. Ngf3 Nf6 5. e5 Nd7 6. Nb3 Be7 7. Bd3 Nb4 8. Be2 c5 9. c3 Nc6 10. Nxc5 Nxc5 11. dxc5 Bxc5 12. Bd3 Qc7 13. Qe2 f6 14. exf6 gxf6 15. Be3 Bxe3 16. fxe3 e5 17. e4 Be6 18. 0-0 0-0-0 19. Nh4 Rhf8 20. a4 Kb8 21. exd5 Bxd5 22. Nf5 Ne7 23. Nxe7 Qxe7 24. Rae1 Qc7 25. Qe3 Rd6 26. Rd1 Bc6 27. Be4 Rxd1 28. Rxd1 Bxe4 29. Qxe4 f5 30. Qd5 a6 31. Qd6 Rc8 32. Kf2 Qxd6 33. Rxd6 Rc4 34. Rd5 Rf4+ 35. Ke1 Re4+ 36. Kd2 Kc7 37. Kd3 Kc6 38. c4 h5 39. b4 Re1 1/2-1/2

[Event "IECC CL2-2002.01"]
[Site "IECC email"]
[Date "2001.12.20"]
[Round "?"]
[White "Rossi, Giovanni"]
[Black "Nagley, Tim"]
[Result "1/2-1/2"]
[WhiteElo "2041"]
[BlackElo "2082"]
[PlyCount "79"]
[EventDate "2002.??.??"]
[EventType "tourn (corr)"]
[EventRounds "4"]
[SourceTitle "Corr 2008"]
[Source "ChessBase"]
[SourceDate "2008.06.24"]
[SourceVersion "1"]
[SourceVersionDate "2008.06.24"]
[SourceQuality "1"]

1. e4 c5 2. c3 Nf6 3. e5 Nd5 4. d4 cxd4 5. Nf3 Nc6 6. cxd4 d6 7. Bc4 Nb6 8. Bb5 dxe5 9. Nxe5 Bd7 10. Bxc6 Bxc6 11. Nxc6 bxc6 12. 0-0 g6 13. Re1 Bg7 14. Bg5 Nc8 15. Qf3 0-0 16. Nc3 Rb8 17. b3 Qxd4 18. Rac1 Qd7 19. Red1 Nd6 20. Na4 Rfe8 21. Rxc6 Rbc8 22. Rxc8 Rxc8 23. h3 h6 24. Be3 Rc2 25. a3 Ra2 26. Nc5 Qc8 27. a4 a5 28. Qd5 Rc2 29. Ne4 Nxe4 30. Qxe4 e6 31. Qd3 Kh7 32. Qb5 Rb2 33. Rc1 Qd8 34. Qb7 Qf6 35. Qc7 Rxb3 36. Qxa5 Ra3 37. Qa8 Qe5 38. Qa7 Qf5 39. Qd7 Qe4 40. Qc7 1/2-1/2

[Event "IECC Swiss email"]
[Site "IECC email"]
[Date "2001.08.05"]
[Round "?"]
[White "Rossi, Giovanni"]
[Black "Batista, Helena"]
[Result "1-0"]
[WhiteElo "2040"]
[BlackElo "1492"]
[PlyCount "72"]
[EventDate "2001.??.??"]
[EventType "tourn (corr)"]
[EventRounds "6"]
[SourceTitle "Corr 2008"]
[Source "ChessBase"]
[SourceDate "2008.06.24"]
[SourceVersion "1"]
[SourceVersionDate "2008.06.24"]
[SourceQuality "1"]

1. e4 c5 2. Nf3 d6 3. d4 cxd4 4. Nxd4 Nf6 5. Nc3 g6 6. Be3 Bg7 7. f3 0-0 8. Qd2 d5 9. e5 Ne8 10. f4 f6 11. 0-0-0 fxe5 12. fxe5 Nc6 13. Nf3 e6 14. Bh6 a6 15. Bd3 Qc7 16. Bxg7 Nxg7 17. Qg5 Nf5 18. Kb1 Bd7 19. h4 Be8 20. Rde1 Rc8 21. h5 Qg7 22. hxg6 Bxg6 23. Rh3 Nb4 24. Qd2 Nxd3 25. cxd3 Qc7 26. Ne2 Ng7 27. Nf4 Bf5 28. Rh4 Qc4 29. Reh1 Rc7 30. Qe3 Rfc8 31. Nd4 h5 32. a3 a5 33. Nxf5 Qc2+ 34. Ka2 exf5 35. Nxh5 Qxg2 36. Nxg7 Qxg7 1-0

[Event "IECG C1.2001.0.00331"]
[Site "IECG email"]
[Date "2001.01.10"]
[Round "?"]
[White "Andrews, Neil"]
[Black "Rossi, Giovanni"]
[Result "0-1"]
[WhiteElo "1804"]
[BlackElo "1960"]
[PlyCount "48"]
[EventDate "2001.01.10"]
[EventType "tourn (corr)"]
[EventRounds "6"]
[SourceTitle "Corr 2008"]
[Source "ChessBase"]
[SourceDate "2008.06.24"]
[SourceVersion "1"]
[SourceVersionDate "2008.06.24"]
[SourceQuality "1"]

1. d4 Nf6 2. c4 g6 3. Nc3 d5 4. Nf3 Bg7 5. Qb3 dxc4 6. Qxc4 0-0 7. e4 a6 8. e5 b5 9. Qb3 Nfd7 10. e6 fxe6 11. Be3 Nb6 12. h4 Nd5 13. Nxd5 exd5 14. h5 Bf5 15. hxg6 Bxg6 16. Ng5 Rf6 17. Bd3 h6 18. Ne4 Rc6 19. Bxh6 Bxh6 20. Rxh6 Kg7 21. Rxg6+ Rxg6 22. Nc5 Rh6 23. 0-0-0 Qd6 24. Bf5 Qf4+ 0-1

[Event "IECG C1.2001.0.00331"]
[Site "IECG email"]
[Date "2001.01.03"]
[Round "?"]
[White "Rossi, Giovanni"]
[Black "Vercammen, Robert"]
[Result "1-0"]
[WhiteElo "1960"]
[BlackElo "2020"]
[PlyCount "59"]
[EventDate "2001.01.10"]
[EventType "tourn (corr)"]
[EventRounds "6"]
[SourceTitle "Corr 2008"]
[Source "ChessBase"]
[SourceDate "2008.06.24"]
[SourceVersion "1"]
[SourceVersionDate "2008.06.24"]
[SourceQuality "1"]

1. e4 e6 2. d4 d5 3. Nd2 Nf6 4. e5 Nfd7 5. Bd3 c5 6. c3 Nc6 7. Ne2 Qb6 8. Nf3 cxd4 9. cxd4 f6 10. exf6 Nxf6 11. 0-0 Bd6 12. Nc3 0-0 13. Be3 Bd7 14. a3 Be8 15. Ng5 Ne7 16. h3 Bc7 17. Qc2 h6 18. Nf3 Nh5 19. Rfe1 Nf4 20. Bxf4 Rxf4 21. Re3 Bh5 22. g4 Raf8 23. Qe2 Bxg4 24. hxg4 Nc6 25. Rd1 Rxg4+ 26. Kf1 Nd8 27. Na4 Qd6 28. Nc5 Rxf3 29. Qxf3 Rxd4 30. Nxe6 1-0

[Event "IECC CL3-2000.61"]
[Site "IECC email"]
[Date "2000.12.17"]
[Round "?"]
[White "Rossi, Giovanni"]
[Black "Vaillancourt, Stephane"]
[Result "1/2-1/2"]
[WhiteElo "1988"]
[BlackElo "1934"]
[PlyCount "110"]
[EventDate "2000.??.??"]
[EventType "tourn (corr)"]
[EventRounds "4"]
[SourceTitle "Corr 2008"]
[Source "ChessBase"]
[SourceDate "2008.06.24"]
[SourceVersion "1"]
[SourceVersionDate "2008.06.24"]
[SourceQuality "1"]

1. e4 e6 2. d4 d5 3. Nd2 Nf6 4. e5 Nfd7 5. Bd3 c5 6. c3 Nc6 7. Ne2 Qb6 8. Nf3 cxd4 9. cxd4 g6 10. 0-0 Bg7 11. Qa4 0-0 12. Re1 f6 13. exf6 Nxf6 14. Qb5 Qxb5 15. Bxb5 Nb4 16. Ba4 Bd7 17. Bb3 Ne4 18. Nf4 Rac8 19. Nxd5 exd5 20. Rxe4 Nc2 21. Rb1 Bf5 22. Bxd5+ Kh8 23. Bxb7 Bxe4 24. Bxe4 Nxd4 25. Be3 Rfe8 26. Ng5 Re7 27. f3 Be5 28. Nh3 Rd7 29. Kf2 Nf5 30. Bf4 Bxf4 31. Nxf4 Rd2+ 32. Ke1 Rcd8 33. Ne6 R8d6 34. Rc1 h6 35. Rc8+ Kh7 36. Bxf5 gxf5 37. Rc7+ Kg8 38. Nf4 Rxb2 39. Rxa7 Rd4 40. Ra8+ Kf7 41. Ra7+ Ke8 42. Ra8+ Kd7 43. Rd8+ Kxd8 44. Ne6+ Ke7 45. Nxd4 Kf6 46. g3 Rxa2 47. Ne2 Ke5 48. f4+ Kf6 49. h3 h5 50. h4 Rc2 51. Nd4 Rc4 52. Nf3 Ke6 53. Ke2 Kd5 54. Ng5 Rc3 55. Kf2 Rc2+ 1/2-1/2

[Event "IECC Swiss email"]
[Site "IECC email"]
[Date "2000.12.10"]
[Round "?"]
[White "Bastos, Carlos Eduardo"]
[Black "Rossi, Giovanni"]
[Result "1-0"]
[WhiteElo "1702"]
[BlackElo "2028"]
[PlyCount "91"]
[EventDate "2000.??.??"]
[EventType "tourn (corr)"]
[EventRounds "6"]
[SourceTitle "Corr 2008"]
[Source "ChessBase"]
[SourceDate "2008.06.24"]
[SourceVersion "1"]
[SourceVersionDate "2008.06.24"]
[SourceQuality "1"]

1. d4 Nf6 2. c4 g6 3. Nc3 d5 4. cxd5 Nxd5 5. e4 Nxc3 6. bxc3 Bg7 7. Bc4 c5 8. Ne2 Nc6 9. Be3 0-0 10. 0-0 Bg4 11. f3 Na5 12. Bxf7+ Rxf7 13. fxg4 Rxf1+ 14. Kxf1 Qd6 15. Kg1 Qe6 16. Qd3 Qc4 17. Qxc4+ Nxc4 18. Bg5 cxd4 19. cxd4 h6 20. Rc1 b5 21. Bxe7 Re8 22. Bc5 Rxe4 23. Nc3 Bxd4+ 24. Bxd4 Rxd4 25. Nxb5 Rxg4 26. h3 Re4 27. Nxa7 Kf7 28. Nb5 Ke6 29. a4 Na5 30. Nc3 Rc4 31. Re1+ Kd6 32. Re3 Rc6 33. Rd3+ Kc5 34. Rd5+ Kb4 35. Rb5+ Kxc3 36. Rxa5 Kb4 37. Ra8 h5 38. a5 Kb5 39. Kf2 h4 40. Rh8 Rc2+ 41. Kf3 g5 42. Rg8 Kxa5 43. Rxg5+ Kb6 44. Rg4 Rc3+ 45. Kf4 Kc6 46. Rxh4 1-0

[Event "IECC CL3-2000.58"]
[Site "IECC email"]
[Date "2000.11.19"]
[Round "?"]
[White "Endean, Andrew"]
[Black "Rossi, Giovanni"]
[Result "1-0"]
[WhiteElo "1907"]
[BlackElo "2008"]
[PlyCount "101"]
[EventDate "2000.??.??"]
[EventType "tourn (corr)"]
[EventRounds "4"]
[SourceTitle "Corr 2008"]
[Source "ChessBase"]
[SourceDate "2008.06.24"]
[SourceVersion "1"]
[SourceVersionDate "2008.06.24"]
[SourceQuality "1"]

1. d4 Nf6 2. c4 g6 3. Nc3 d5 4. cxd5 Nxd5 5. e4 Nxc3 6. bxc3 Bg7 7. Nf3 c5 8. Rb1 0-0 9. Be2 cxd4 10. cxd4 Qa5+ 11. Bd2 Qxa2 12. 0-0 Nd7 13. Bb4 Nb6 14. Ra1 Qe6 15. Qb1 Bd7 16. Ra5 Nc8 17. d5 Qb6 18. e5 a6 19. Qe4 h6 20. Rc1 Na7 21. Raa1 Bf5 22. Qf4 Qd8 23. Bc4 Bd7 24. d6 Nc6 25. dxe7 Nxe7 26. Rd1 Qe8 27. Rac1 a5 28. Bd6 Rc8 29. Nd4 b5 30. Ba2 Rxc1 31. Qxc1 Bg4 32. f3 Bd7 33. Qc5 Nf5 34. Bxf8 Bxf8 35. Qc7 Qe7 36. e6 Bxe6 37. Nxe6 fxe6 38. Qxe7 Nxe7 39. Bxe6+ Kg7 40. Bd7 a4 41. Bxb5 a3 42. Rd7 Kf6 43. Rd6+ Kg7 44. Bd3 g5 45. Kf1 h5 46. g3 h4 47. Ke2 hxg3 48. hxg3 Kf7 49. Ra6 Ng8 50. Bc4+ Kg7 51. Ra5 1-0